Current Presidents Of The Former Soviet Republics - Statistics

General Stats
  • This quiz has been taken 11 times
  • The average score is 2 of 15
Answers on the Map
Answers color-coded by a green-red scale on the quiz's map according to % correct below.
 
Answer Stats
Answer % Correct
Vladimir Putin
91%
Volodymyr Zelensky
55%
Alexander Lukashenko
18%
Ilham Aliyev
9%
Kassym-Jomart Tokayev
9%
Maia Sandu
9%
Armen Sargsyan
0%
Egils Levits
0%
Emomali Rahmon
0%
Gitanas Nauseda
0%
Gurbanguly Berdimuhamedow
0%
Kersti Kaljulaid
0%
Sadyr Japarov
0%
Salome Zourabichvili
0%
Shavkat Mirziyoyev
0%
No matching quizzes found
Score Distribution
Percent of People with Each Score
Percentile by Number Answered
Your Score History
You have not taken this quiz